Quizzes
Events
Quiz Creation
Community
Videos
Private Events
Remove Ads
Sign In
Join for FREE
Feedback
Dark Mode
Quiz Categories
Sports
Geography
Music
Movies
Television
Just For Fun
Miscellaneous
History
Literature
Language
Science
Gaming
Entertainment
Religion
Holiday
For Kids
Quiz Lab
Recent
Popular Today
Quiz Kudos Today
Editor Picks
Curator Picks
Quizzes by...
Day
Popularity
Type
Ratings
Length
Year
Community
Subscriptions
Recent Discussions
Orange Saloon
Badges
Playlists
Quests
Create
Leaderboards
Showdown
Live 5
Trivia Bingo
Activity
Puzzle Library
Sporcle Events
Private Events
Virtual Trivia
Globe League
Become a Host
Pub Owners
SporcleCon
Opinionation
Our Games
Videos
Blog
Mobile Apps
Partnerships
Remove Ads and Go Orange
Feedback
Movies
Disney
Marvel Cinematic Universe
Movie Resume
Movie Titles
Oscar
Actor
Actress
Director
Pixar
Role
Movie Quotes
Movie Characters
Box Office
Nominee
Best Picture
Star Wars
James Bond
Horror Movies
Movies
Disney
Marvel Cinematic Universe
Movie Resume
Movie Titles
Oscar
Actor
Actress
Director
Pixar
Role
Movie Quotes
Movie Characters
Box Office
Nominee
Best Picture
Star Wars
James Bond
Horror Movies
Random Quiz
Search Sporcle
×
Quiz Lab
Quiz Lab
Movies
Movie Titles
Select answers by clicking on text or image buttons
Select answers by clicking on text or image buttons
Clickable
Best Score? Go Orange.
1950's Movie Titles, Pt. 8 Stats
Can you complete the titles of popular 1950's movies by picking the missing word?
By
mediagirl
5m
30 Questions
165 Plays
165 Plays
165 Plays
Comments
Comments
Give Quiz Kudos
Give Quiz Kudos
-
- Ratings
hide this ad
Forced Order
Answers have to be entered in order
Answers have to be entered in order
Replay
Link that replays current quiz
Next Quiz
Link to next quiz in quiz playlist
You Got
0%
They Got
Avg Score
82%
Avg Friend Score
Upgrade to see
Score Distribution
Jump to the score distribution portion of the page
Score
0/30
Timer
05:00
0
Plays Today
% Correct
Pan
93.9%
Black
93.9%
Leave
93.3%
Kiss
92.7%
Knock
92.1%
Mighty
91.5%
Foys
90.9%
Woman
90.9%
Spirit
89.1%
Beach
89.1%
Mouse
87.3%
Silver
86.7%
Wedding
86.1%
Room
86.1%
Face
85.5%
% Correct
Moonlight
84.2%
Story
81.2%
Hanging
81.2%
73
80.6%
Army
80.6%
Harry
80.6%
Rachel
80%
Bee
80%
Ship
73.9%
Lady
72.7%
Gardenia
71.5%
Susan
70.3%
Rain
69.7%
Tall
66.7%
Frederick
60%
Quiz Playlist
Details
Report
Send in Message
Add To Playlist
Clickable:
Select answers by clicking on text or image buttons
Forced Order:
Answers have to be entered in order
Quiz Source
Last Updated: Sep 8, 2017
Quiz Scoreboard
CHALLENGE
Sign Up to Join the Scoreboard
Show All
Scores
Hide
Comments
May contain spoilers
Recently Published
Presidents Visiting Landmarks
by Hejman
History
7m
An Introduction to Baseball
by treessimontrees
Sports
5m
Movies - When Are They Set?
by FPL_Elf
Movies
5m
More to Explore
Quiz From the Vault
Featured Blog Post
Where Did the Easter Bunny Come From?
hide this ad
You Might Also Like...
Tags
Missing Word Quiz
Movie Titles Quiz
1950s
Today's Top Quizzes in Movies
Browse Movies
hide this ad
Today's Top Quizzes in Movie Titles
Browse Movie Titles
Top Contributed Quizzes in Movies
1
Pick 5 Posters: Directed by Spielberg
2
7-to-1: Pixar Characters
3
Pick 5 Posters: Lowest-Rated Spielberg
4
Pick 5 Posters: Directed by Scorsese
5
Pick 5 Posters: Star & Director
6
Sorting Actors
7
Sorting Actresses
8
12 Movies about Fictional 1960s Events
9
Multi-Oscar Nominations, One Movie, One Winner
10
Pick 5 Posters: Women Directed 2020s
Explore More
Trending Topics
Harry Potter
Anime
Marvel
Kpop
Disney
NBA
Crossword
Country
Song
NFL
Puzzle
Soccer
WWE
The Office
Pokémon
hide this ad
More By:
mediagirl
Quiz
Plays
Rating
Category
Featured
Created
Famous Artist by Three Hints
10,844
4.75
History
Jun 10, 2023
Seinfeld Girlfriends
10,708
4.43
Television
Apr 7, 2018
Popular Middle Names for Boys
5,446
4.95
Miscellaneous
Jun 28, 2016
Movie Trivia 10 to 1 (Part 14)
4,694
4.54
Movies
Jul 19, 2019
Movie Trivia 10 to 1
4,278
4.15
Movies
May 9, 2019
Go to Creator's Profile
Score Distribution
Quiz Creator Spotlight
mediagirl
Follow
Send a Message
Quizzes Created
-
Created Quiz Play Count
-
More By This Creator
Popular Quizzes Today
1
Find the US States - No Outlines Minefield
2
Find the Countries of Europe - No Outlines Minefield
3
The Countries of the World
4
Find the US States
5
Popular People in 1961
6
US States
7
Risky Map Clicking: Biggest States A-Z
8
Movies - When Are They Set?
More Movies Quizzes
Movie by Oscar Acceptance Face
Quiz Lab
Trending Quizzes
Risky Map Clicking: Least Populous States A-Z
1-10 Letter G Words
1-10 Letter F Words
Risky Map Clicking: Next State Alphabetically
Risky Map Clicking: Biggest States A-Z
Recently Updated
Leaping Animals
pecheneg
Reality TV Shows (A-Z)
bhenderson79
Rickey Henderson's Hall of Fame Teammates
pecheneg
Champions League XIs: Arsenal
pecheneg
Quick Pick: Celebrities in WWE's Hall of Fame
aduchscher
A-Z Keypad Blitz II
pecheneg
Multiple Oscar Actors
pecheneg
Mystery Phrase Blitz: Oscar 'Best Actors'
pecheneg
F. Scott Fitzgerald Novels
LTH
Pick 3 Villains
ddd62291
Trending Topics
Anime
Disney
Kpop
Marvel
Harry Potter
NBA
Crossword
Puzzle
Pokémon
Soccer
Song
The Office
WWE
Country
NFL
Your Account Isn't Verified!
In order to create a playlist on Sporcle, you need to verify the email address you used during registration. Go to your
Sporcle Settings
to finish the process.
Report this User
Report this user for behavior that violates our
Community Guidelines
.
Details:
Send Report
Go to the Sporcle.com Mobile Site →
Comments